| 000 | 01320cab a2200253 4500 | ||
|---|---|---|---|
| 001 | ABS48947 | ||
| 008 | 090401t1993 xxu||||| |||| 00| 0 eng d | ||
| 035 | _a(Sirsi) u69213 | ||
| 041 | _aeng | ||
| 100 | _aRowan-Robinson, J. | ||
| 245 | _aCompensation for consequential loss - satisfaction or sacrifice? | ||
| 260 | _c1993 | ||
| 350 | _a0 | ||
| 490 |
_aScottish Planning and Environmental Law _v(39) June 1993, 53-55(3) |
||
| 520 | _aA number of issues had to be determined in "Emslie and Simpson v Aberdeen DC" LT for Scotland 12 August 1992; validity of a notice to quit; a claim for loss of profits due to blight pre-dating vesting in the acquiring authority; a claim for the loss on extinguishment of business; a claim for bank charges on borrowings made necessary by poor trading due to the blighting effect of the scheme; a claim for business loss by a wholly-owned subsidiary of the claimants trading from the subject premises; and a claim for the expenses of the hearing. | ||
| 650 | _aCOMPENSATION | ||
| 650 |
_aCompulsory purchase _96228 |
||
| 650 | _aDISTURBANCE | ||
| 650 | _aEMSLIE AND SIMPSON LTD V ABERDEEN DC | ||
| 650 | _aHEADS OF CLAIM | ||
| 690 | _aENVIRONMENTAL AND LAND CONSULTANCY-PLANNING AND DEVELOPMENT-COMPULSORY PURCHASE AND COMPENSATION | ||
| 942 | _n0 | ||
| 948 | _c04/03/1997 | ||
| 999 |
_c43478 _d43478 |
||